Die Gnade im Rechtsstaat: Grundlinien einer rechtsdogmatischen, staatsrechtlichen und verfahrensrechtlichen Neukonzeption
| 1. VerfasserIn: | |
|---|---|
| Medienart: | Druck Buch |
| Sprache: | Deutsch |
| Veröffentlicht: |
Frankfurt am Main Berlin [u.a.]
Lang
1996
|
| In: |
Europäische Hochschulschriften (1848)
Jahr: 1996 |
| Online-Zugang: |
Inhaltsverzeichnis Inhaltsverzeichnis |
| Verfügbarkeit prüfen: | HBZ Gateway |
| Subito Bestelldienst: | Jetzt bestellen. |
| Schlagwörter: |
MARC
| LEADER | 00000cam a2200000 c 4500 | ||
|---|---|---|---|
| 001 | 271842555 | ||
| 003 | DE-627 | ||
| 005 | 20260206202432.0 | ||
| 007 | tu | ||
| 008 | 960105s1996 gw ||||| m 00| ||ger c | ||
| 015 | |a 95,N51,0319 |2 dnb | ||
| 015 | |a 96,H05,0392 |2 dnb | ||
| 016 | 7 | |a 945653093 |2 DE-101 | |
| 020 | |a 3631490100 |9 3-631-49010-0 | ||
| 035 | |a (DE-627)271842555 | ||
| 035 | |a (DE-603)045975884 | ||
| 035 | |a (DE-576)049679864 | ||
| 035 | |a (DE-599)GBV271842555 | ||
| 035 | |a (OCoLC)231653377 | ||
| 035 | |a (OCoLC)38747973 | ||
| 040 | |a DE-627 |b ger |c DE-627 |e rakwb | ||
| 041 | |a ger | ||
| 044 | |c XA-DE |c XA-CH |c XD-US | ||
| 050 | 0 | |a K5135 | |
| 082 | 0 | |a 345/.077 | |
| 082 | 0 | |a 345.077 |q LoC |2 DDC21oclc | |
| 084 | |a 19 |a 16 |2 sdnb | ||
| 084 | |a PH 5420 |2 rvk |0 (DE-625)rvk/136205: | ||
| 084 | |a PL 383 |2 rvk |0 (DE-625)rvk/136985: | ||
| 084 | |a 11.00 |2 bkl | ||
| 084 | |a 86.42 |2 bkl | ||
| 100 | 1 | |a Mickisch, Christian |d 1963- |0 (DE-588)172994071 |0 (DE-627)697919641 |0 (DE-576)133847357 |4 aut | |
| 109 | |a Mickisch, Christian 1963- | ||
| 245 | 1 | 4 | |a Die Gnade im Rechtsstaat |b Grundlinien einer rechtsdogmatischen, staatsrechtlichen und verfahrensrechtlichen Neukonzeption |c Christian Mickisch |
| 263 | |a brosch. : ca. DM 79.00 (freier Pr.) | ||
| 264 | 1 | |a Frankfurt am Main |a Berlin [u.a.] |b Lang |c 1996 | |
| 300 | |a 226 S. |b graph. Darst. | ||
| 336 | |a Text |b txt |2 rdacontent | ||
| 337 | |a ohne Hilfsmittel zu benutzen |b n |2 rdamedia | ||
| 338 | |a Band |b nc |2 rdacarrier | ||
| 490 | 1 | |a Europäische Hochschulschriften |a Reihe 2, Rechtswissenschaft = Droit = Law |v 1848 | |
| 502 | |a Zugl.: Regensburg, Univ., Diss., 1994 | ||
| 583 | 1 | |a Archivierung prüfen |c 20240324 |f DE-4165 |z 3 |2 pdager | |
| 650 | 0 | 7 | |0 (DE-588)4157769-3 |0 (DE-627)105498238 |0 (DE-576)209837136 |a Gnadenrecht |2 gnd |
| 650 | 0 | 7 | |0 (DE-588)4129195-5 |0 (DE-627)105711691 |0 (DE-576)20960851X |a Rechtsstaat |2 gnd |
| 650 | 4 | |a Bundesverfassungsgericht, Anwalt, Datenschutz, Gnade, Gesetzgebung, Grundrecht, Sanktion, Entscheidung, Dispens, Verbot, Rechtfertigungslehre, Amnestie | |
| 653 | 0 | |a Pardon | |
| 653 | 0 | |a Clemency | |
| 653 | 0 | |a Pardon |a Germany | |
| 653 | 0 | |a Clemency |a Germany | |
| 655 | 7 | |a Hochschulschrift |0 (DE-588)4113937-9 |0 (DE-627)105825778 |0 (DE-576)209480580 |2 gnd-content | |
| 689 | 0 | 0 | |d s |0 (DE-588)4157769-3 |0 (DE-627)105498238 |0 (DE-576)209837136 |a Gnadenrecht |2 gnd |
| 689 | 0 | |5 DE-101 | |
| 689 | 1 | 0 | |d s |0 (DE-588)4157769-3 |0 (DE-627)105498238 |0 (DE-576)209837136 |a Gnadenrecht |2 gnd |
| 689 | 1 | |5 (DE-627) | |
| 751 | |a Regensburg |0 (DE-588)4048989-9 |0 (DE-627)106188860 |0 (DE-576)209080019 |4 uvp | ||
| 830 | 0 | |a Europäische Hochschulschriften |n Reihe 2 |p Rechtswissenschaft |v 1848 |9 1848 |w (DE-627)130134236 |w (DE-576)015671542 |w (DE-600)510544-4 |x 0531-7312 |7 am | |
| 856 | 4 | 2 | |u http://www.gbv.de/dms/spk/sbb/toc/271842555.pdf |m V:DE-601 |m B:DE-1 |q pdf/application |x Verlag |y Inhaltsverzeichnis |3 Inhaltsverzeichnis |7 1 |
| 856 | 4 | 2 | |u http://scans.hebis.de/HEBCGI/show.pl?04597588_toc.pdf |m V:DE-603;B:DE-17 |q application/pdf |3 Inhaltsverzeichnis |7 1 |
| 889 | |w (DE-627)090061179 | ||
| 935 | |i mdedup | ||
| 935 | |i Blocktest | ||
| 936 | r | v | |a PH 5420 |b Einzeldarstellungen |k Rechtswissenschaft |k Strafrecht, Strafverfahrensrecht, Kriminologie |k Gnadenrecht (Amnestie, Straffreiheitsgesetz, Strafentschädigung) |k Einzeldarstellungen |0 (DE-627)1272237370 |0 (DE-625)rvk/136205: |0 (DE-576)202237370 |
| 936 | r | v | |a PL 383 |b Rechtsstaat |k Rechtswissenschaft |k Staatsrecht und Verfassungsgeschichte |k Staatsrecht und Verfassungsrecht |k Das Staatsrecht der Bundesrepublik Deutschland |k Staatsform |k Rechtsstaat |0 (DE-627)1271267187 |0 (DE-625)rvk/136985: |0 (DE-576)201267187 |
| 936 | b | k | |a 11.00 |j Theologie |j Religionswissenschaft: Allgemeines |q coli-conc NSK->BK |q https://coli-conc.gbv.de/api/mappings/f84af606-91a3-411d-b6bd-06d818fa3caf |0 (DE-627)106415271 |
| 936 | b | k | |a 86.42 |j Strafrecht: Sonstiges |0 (DE-627)10641352X |
| 936 | s | n | |a p100 |2 mzub |
| 936 | s | n | |a m100 |2 mzub |
| 951 | |a BO | ||
| ELC | |b 1 | ||
| LOK | |0 000 xxxxxcx a22 zn 4500 | ||
| LOK | |0 001 3096578974 | ||
| LOK | |0 003 DE-627 | ||
| LOK | |0 004 271842555 | ||
| LOK | |0 005 20151116134954 | ||
| LOK | |0 008 150728||||||||||||||||ger||||||| | ||
| LOK | |0 040 |a DE-21-110 |c DE-627 |d DE-21-110 | ||
| LOK | |0 689 |a s |a Gnadenrecht | ||
| LOK | |0 689 |a s |a Begnadigung | ||
| LOK | |0 852 |z Kein Bestand am IfK; Nachweis für KrimDok | ||
| LOK | |0 852 |a DE-21-110 | ||
| LOK | |0 852 1 |9 00 | ||
| LOK | |0 935 |a k110 | ||
| LOK | |0 939 |a 28-07-15 |b l01 | ||
| ORI | |a SA-MARC-krimdoka001.raw | ||
